[Event "Palanga op"]
[Site "Palanga"]
[Date "2013.06.17"]
[Round "1"]
[White "Gucaga, Augustas"]
[Black "Beliajeva, Olga"]
[Result "1-0"]
[WhiteElo "1485"]
[BlackElo "1928"]
[PlyCount "115"]
[EventDate "2013.06.17"]
[EventType "swiss"]
[EventRounds "9"]
[EventCountry "LTU"]
[SourceTitle "EXT 2014"]
[Source "ChessBase"]
[SourceDate "2013.11.20"]
[SourceVersion "1"]
[SourceVersionDate "2013.11.20"]
[SourceQuality "1"]

1. e4 e6 2. d4 d5 3. Nc3 Be7 4. exd5 exd5 5. Bd3 Nc6 6. Nge2 Nf6 7. 0-0 0-0 8. f3 Nb4 9. Ng3 Nxd3 10. Qxd3 c6 11. Nf5 Bxf5 12. Qxf5 Qb6 13. Qd3 h6 14. Rb1 Bd6 15. Ne2 Qc7 16. g3 Rfe8 17. Kg2 Re7 18. Bd2 Rae8 19. Rfe1 b6 20. Ng1 c5 21. Rxe7 Rxe7 22. dxc5 bxc5 23. Re1 c4 24. Qf5 Rxe1 25. Bxe1 Qe7 26. Bd2 Bc5 27. Qf4 Bxg1 28. Kxg1 Qe2 29. Bc3 Qd1+ 30. Kg2 Qxc2+ 31. Kh3 Qg6 32. Qb8+ Kh7 33. Qxa7 Qf5+ 34. Kg2 Qe6 35. Qd4 Qe2+ 36. Qf2 Qe6 37. Qd4 Ne8 38. a4 f6 39. a5 Nd6 40. Qb6 Qe2+ 41. Qf2 Qe8 42. Qe1 Qd8 43. Qe6 Nb5 44. Bb4 Nd4 45. Qb6 Qxb6 46. axb6 Nc6 47. b7 Kg6 48. Bd6 Kf5 49. b8Q Nxb8 50. Bxb8 g5 51. g4+ Kg6 52. Kf2 d4 53. Ke2 h5 54. Ba7 hxg4 55. fxg4 c3 56. Bxd4 cxb2 57. Bxb2 f5 58. h3 1-0

[Event "Klaipeda-ch"]
[Site "Klaipeda"]
[Date "2013.04.06"]
[Round "11"]
[White "Katalov, Andrej"]
[Black "Beliajeva, Olga"]
[Result "1/2-1/2"]
[WhiteElo "1943"]
[BlackElo "1944"]
[PlyCount "23"]
[EventDate "2013.01.06"]
[EventType "tourn"]
[EventRounds "11"]
[EventCountry "LTU"]
[SourceTitle "EXT 2014"]
[Source "ChessBase"]
[SourceDate "2013.11.20"]
[SourceVersion "1"]
[SourceVersionDate "2013.11.20"]
[SourceQuality "1"]

1. Nf3 Nf6 2. c4 e6 3. g3 b6 4. Bg2 Bb7 5. 0-0 Be7 6. d3 d5 7. cxd5 Nxd5 8. Qa4+ Qd7 9. Qb3 Nc6 10. Nc3 Na5 11. Qc2 Bf6 12. Bd2 1/2-1/2

[Event "Klaipeda-ch"]
[Site "Klaipeda"]
[Date "2013.03.30"]
[Round "10"]
[White "Beliajeva, Olga"]
[Black "Stasius, Vidmantas"]
[Result "0-1"]
[WhiteElo "1944"]
[BlackElo "1944"]
[PlyCount "46"]
[EventDate "2013.01.06"]
[EventType "tourn"]
[EventRounds "11"]
[EventCountry "LTU"]
[SourceTitle "EXT 2014"]
[Source "ChessBase"]
[SourceDate "2013.11.20"]
[SourceVersion "1"]
[SourceVersionDate "2013.11.20"]
[SourceQuality "1"]

1. e4 c5 2. Nf3 e6 3. d4 Nf6 4. Nc3 d5 5. exd5 exd5 6. Bg5 Be7 7. dxc5 0-0 8. Bd3 Re8 9. 0-0 Nc6 10. Rb1 Bxc5 11. Bxf6 gxf6 12. Nh4 Re5 13. Kh1 Rg5 14. f4 Bg4 15. Bxh7+ Kh8 16. Qe1 Rh5 17. Bf5 Qg8 18. Nxd5 Re8 19. Qc3 Bd4 20. Qd3 Rxh4 21. Qg3 Rh5 22. Nc7 Bxf5 23. Nxe8 Qxg3 0-1

[Event "Klaipeda-ch"]
[Site "Klaipeda"]
[Date "2013.03.24"]
[Round "9"]
[White "Beliajev, Dmitrij"]
[Black "Beliajeva, Olga"]
[Result "1-0"]
[WhiteElo "2166"]
[BlackElo "1944"]
[PlyCount "53"]
[EventDate "2013.01.06"]
[EventType "tourn"]
[EventRounds "11"]
[EventCountry "LTU"]
[SourceTitle "EXT 2014"]
[Source "ChessBase"]
[SourceDate "2013.11.20"]
[SourceVersion "1"]
[SourceVersionDate "2013.11.20"]
[SourceQuality "1"]

1. e4 e6 2. d4 d5 3. Nd2 c5 4. exd5 exd5 5. Ngf3 Nc6 6. Be2 Bd6 7. 0-0 Nge7 8. dxc5 Bxc5 9. Nb3 Bd6 10. Nbd4 0-0 11. h3 Ng6 12. Re1 Re8 13. Bg5 Qb6 14. Rb1 Bf4 15. Nxc6 Qxc6 16. Bd3 Bxg5 17. Nxg5 Bd7 18. Qf3 Be6 19. Rbd1 Rad8 20. Bxg6 hxg6 21. Rxe6 fxe6 22. Qf7+ Kh8 23. Qxg6 Kg8 24. Qh7+ Kf8 25. Qh8+ Ke7 26. Qxg7+ Kd6 27. Ne4# 1-0

[Event "LTU-chT (Women)"]
[Site "Lithuania"]
[Date "2013.03.11"]
[Round "7.3"]
[White "Beliajeva, Olga"]
[Black "Semonaviciute, Agne"]
[Result "1-0"]
[WhiteElo "1937"]
[BlackElo "1731"]
[PlyCount "77"]
[EventDate "2013.01.19"]
[EventType "team-tourn"]
[EventRounds "7"]
[EventCountry "LTU"]
[SourceTitle "EXT 2024"]
[Source "ChessBase"]
[SourceDate "2023.10.10"]
[SourceVersion "1"]
[SourceVersionDate "2023.10.10"]
[SourceQuality "1"]

1. e4 e5 2. Nf3 Nc6 3. Bb5 a6 4. Ba4 Nf6 5. d3 b5 6. Bb3 Be7 7. 0-0 0-0 8. Bg5 d6 9. c3 Be6 10. Bc2 d5 11. exd5 Bxd5 12. Nbd2 Nd7 13. Bxe7 Qxe7 14. Re1 f5 15. Nf1 Qf6 16. Ne3 Be6 17. Bb3 Rae8 18. d4 exd4 19. cxd4 Bxb3 20. Qxb3+ Kh8 21. Rac1 Nb6 22. Qc3 Ne7 23. Qxc7 Ned5 24. Nxd5 Nxd5 25. Qb7 Nf4 26. Rxe8 Rxe8 27. Rc8 Qe6 28. Rxe8+ Qxe8 29. g3 Ne2+ 30. Kg2 h6 31. Qxa6 Qe4 32. Qd6 Nc1 33. Qe5 Qc2 34. Nh4 Nd3 35. Qxf5 Ne1+ 36. Kg1 Qxb2 37. Ng6+ Kh7 38. Ne7+ Kh8 39. Qf8+ 1-0

[Event "Klaipeda-ch"]
[Site "Klaipeda"]
[Date "2013.02.24"]
[Round "6"]
[White "Beliajeva, Olga"]
[Black "Jonusevicius, Audrius"]
[Result "0-1"]
[WhiteElo "1944"]
[BlackElo "2000"]
[PlyCount "74"]
[EventDate "2013.01.06"]
[EventType "tourn"]
[EventRounds "11"]
[EventCountry "LTU"]
[SourceTitle "EXT 2014"]
[Source "ChessBase"]
[SourceDate "2013.11.20"]
[SourceVersion "1"]
[SourceVersionDate "2013.11.20"]
[SourceQuality "1"]

1. e4 d6 2. d4 Nf6 3. Nc3 Nc6 4. Nf3 Bg4 5. Be3 e5 6. d5 Nb8 7. Qd2 Be7 8. 0-0-0 Nbd7 9. h3 Bh5 10. Bd3 c5 11. g4 Bg6 12. g5 Nh5 13. Nh4 Nf4 14. Nxg6 fxg6 15. Bxf4 exf4 16. h4 0-0 17. Ne2 f3 18. Nf4 Rf7 19. Rh3 Ne5 20. Ne6 Qd7 21. h5 gxh5 22. Rxh5 g6 23. Rh4 Qa4 24. Kb1 c4 25. Bf1 Rc8 26. c3 b5 27. Bh3 Rb8 28. Nd4 Bxg5 29. b3 Bxd2 30. bxa4 bxa4+ 31. Kc2 Bg5 32. Rg4 Nxg4 33. Bxg4 Rfb7 34. Ra1 Rb2+ 35. Kd1 Rxf2 36. Nxf3 Rf1+ 37. Ne1 Rb2 0-1

[Event "LTU-chT (Women)"]
[Site "Lithuania"]
[Date "2013.01.19"]
[Round "1"]
[White "Beliajeva, Olga"]
[Black "Benkunskiene, Violeta"]
[Result "1-0"]
[WhiteElo "1937"]
[BlackElo "1633"]
[PlyCount "61"]
[EventDate "2013.01.19"]
[EventType "team-tourn"]
[EventRounds "7"]
[EventCountry "LTU"]
[SourceTitle "CBM 152 Extra"]
[Source "ChessBase"]
[SourceDate "2013.02.25"]
[SourceVersion "1"]
[SourceVersionDate "2013.02.25"]
[SourceQuality "1"]

1. e4 e6 2. d4 d5 3. Nd2 Nf6 4. e5 Nfd7 5. Bd3 c5 6. c3 Nc6 7. Ne2 cxd4 8. cxd4 f6 9. exf6 Nxf6 10. 0-0 Bd6 11. Nf3 0-0 12. Bf4 Bxf4 13. Nxf4 Ne4 14. Qc1 Qf6 15. Nh5 Qf7 16. Ng3 Nf6 17. Qd2 Bd7 18. Rae1 h6 19. Bc2 Rac8 20. Ne5 Nxe5 21. dxe5 Nh7 22. f4 Bb5 23. Rf3 Qc7 24. Bxh7+ Kxh7 25. f5 exf5 26. Nxf5 Qc2 27. Qxc2 Rxc2 28. Nd4 Rxf3 29. gxf3 Rxb2 30. Nxb5 Rxb5 31. e6 1-0

[Event "Panevezys op 25th"]
[Site "Panevezys"]
[Date "2012.08.14"]
[Round "3"]
[White "Vicas, Marijus"]
[Black "Beliajeva, Olga"]
[Result "1/2-1/2"]
[WhiteElo "1997"]
[BlackElo "1952"]
[PlyCount "147"]
[EventDate "2012.08.13"]
[EventType "swiss"]
[EventRounds "9"]
[EventCountry "LTU"]
[SourceTitle "CBM 149 Extra"]
[Source "ChessBase"]
[SourceDate "2012.08.24"]
[SourceVersion "1"]
[SourceVersionDate "2012.08.24"]
[SourceQuality "1"]

1. e4 e6 2. d3 d5 3. Nd2 Nf6 4. Ngf3 dxe4 5. dxe4 Bc5 6. Bc4 Nbd7 7. 0-0 e5 8. Qe2 0-0 9. Nb3 Bb6 10. Bg5 Qe7 11. Rad1 Re8 12. Rd2 Nf8 13. h3 Ng6 14. Rfd1 a6 15. Nh4 Nf4 16. Qf3 h6 17. Bxf4 exf4 18. Re2 Qe5 19. Ng6 Qh5 20. Nxf4 Qxf3 21. gxf3 g5 22. Nd5 Nxd5 23. Bxd5 c6 24. Bc4 Bxh3 25. Kh2 Bc8 26. Red2 Bc7+ 27. Kg2 Kg7 28. Rd7 Bxd7 29. Rxd7 Rac8 30. Rxf7+ Kg6 31. Nd4 b5 32. Bb3 c5 33. c3 c4 34. Rxc7 Rxc7 35. Bc2 Re5 36. Kg3 h5 37. f4 h4+ 38. Kg4 gxf4 39. Kxh4 Rf7 40. Kg4 Rg5+ 41. Kf3 Kh5 42. Nf5 Rgxf5 43. exf5 Kg5 44. Be4 Rf6 45. Ke2 Kg4 46. f3+ Kg5 47. Kd2 Rd6+ 48. Kc2 Rh6 49. b3 Rh2+ 50. Kb1 cxb3 51. axb3 a5 52. c4 bxc4 53. bxc4 Kf6 54. c5 Ke5 55. c6 Kd6 56. Kc1 Kc7 57. Kb1 Re2 58. Kc1 Rh2 59. Kb1 Kd6 60. Kc1 a4 61. f6 Rh8 62. Kb2 Rf8 63. Ka3 Rxf6 64. Kxa4 Re6 65. Kb5 Rxe4 66. fxe4 f3 67. Kb6 f2 68. c7 f1Q 69. c8Q Qf2+ 70. Kb7 Qb2+ 71. Ka7 Qd4+ 72. Kb8 Qb6+ 73. Qb7 Qxb7+ 74. Kxb7 1/2-1/2

[Event "Panevezys op 25th"]
[Site "Panevezys"]
[Date "2012.08.13"]
[Round "1"]
[White "Zukauskas, Egidijus"]
[Black "Beliajeva, Olga"]
[Result "0-1"]
[WhiteElo "1528"]
[BlackElo "1952"]
[PlyCount "44"]
[EventDate "2012.08.13"]
[EventType "swiss"]
[EventRounds "9"]
[EventCountry "LTU"]
[SourceTitle "CBM 149 Extra"]
[Source "ChessBase"]
[SourceDate "2012.08.24"]
[SourceVersion "1"]
[SourceVersionDate "2012.08.24"]
[SourceQuality "1"]

1. e4 e6 2. Nf3 d5 3. exd5 exd5 4. d4 Bg4 5. Be2 Nc6 6. 0-0 Qd7 7. a3 0-0-0 8. Nc3 f6 9. b4 Re8 10. b5 Nd8 11. Rb1 Bd6 12. g3 Ne7 13. a4 Nf5 14. Qd3 Ne6 15. Be3 Nxe3 16. fxe3 Bh3 17. Rfc1 Ng5 18. a5 Ne4 19. b6 axb6 20. Nxd5 Bxg3 21. hxg3 Qg4 22. Kh2 Qxg3+ 0-1

[Event "Klaipeda Sea op 09th"]
[Site "Klaipeda"]
[Date "2012.07.29"]
[Round "7"]
[White "Beliajeva, Olga"]
[Black "Vaitonis, Vytautas"]
[Result "1/2-1/2"]
[WhiteElo "1952"]
[BlackElo "2005"]
[PlyCount "100"]
[EventDate "2012.07.23"]
[EventType "swiss"]
[EventRounds "7"]
[EventCountry "LTU"]
[SourceTitle "EXT 2013"]
[Source "ChessBase"]
[SourceDate "2012.11.22"]
[SourceVersion "1"]
[SourceVersionDate "2012.11.22"]
[SourceQuality "1"]

1. e4 c5 2. c3 Nf6 3. e5 Nd5 4. Nf3 Nc6 5. Bc4 Nb6 6. Be2 d6 7. exd6 Qxd6 8. Na3 a6 9. 0-0 g6 10. Nc2 Bg7 11. d4 cxd4 12. Ncxd4 Nxd4 13. cxd4 0-0 14. Be3 Nd5 15. Qd2 Nxe3 16. Qxe3 Be6 17. Rfd1 Rac8 18. Ne5 Rfd8 19. b3 b5 20. h3 Qb6 21. Bg4 Bxe5 22. Qxe5 Rd5 23. Qe3 Bxg4 24. hxg4 Qf6 25. Rd2 Rcd8 26. a4 Rxd4 27. Rxd4 Qxd4 28. Qxd4 Rxd4 29. axb5 axb5 30. f3 Kg7 31. Re1 Rd3 32. Rxe7 Kf6 33. Re8 Rxb3 34. Kf2 Rb1 35. Kg3 b4 36. Kf4 g5+ 37. Kg3 Rc1 38. Rb8 Rc4 39. Rb5 h6 40. Kf2 Ke6 41. Ke3 Kd6 42. Kd3 Rf4 43. Rb6+ Kc5 44. Rxh6 Kb5 45. Rh8 Ka4 46. Kc2 Rd4 47. Rb8 Rc4+ 48. Kb2 Rd4 49. Kc2 Rc4+ 50. Kb2 Rd4 1/2-1/2